|
|
|
|
| LEADER |
00000nam a2200000 a 4500 |
| 001 |
vtls001485092 |
| 003 |
SK-MaSNL |
| 005 |
20260425222534.0 |
| 008 |
240226s2004 xo d l slo |
| 015 |
|
|
|a SNBI2005/01-00136
|
| 020 |
|
|
|a 8080576068
|q (brož.)
|
| 035 |
|
|
|a SNK000440386
|
| 035 |
|
|
|a urn:nbn:sk:snk-am3i4gf
|
| 035 |
|
|
|a 0CF3B3A3-A196-4882-A0B3-56B4C6AF798C
|
| 035 |
|
|
|a urn:nbn:sk:snk-am00djql
|
| 040 |
|
|
|a SNK
|b slo
|c SNK
|e AACR2
|
| 041 |
0 |
|
|a slo
|
| 043 |
|
|
|a e-xo---
|
| 044 |
|
|
|a xo
|c SK
|
| 072 |
|
7 |
|a 343
|x Trestné právo
|2 konspekt
|
| 080 |
|
|
|a 343
|x (437.6)
|x (094.5)
|2 snkbusd
|
| 080 |
|
|
|a 343.232
|2 1981
|
| 110 |
1 |
|
|a Slovensko
|4 aut
|9 266955
|
| 240 |
1 |
0 |
|a Trestný zákon (1961, novela 2004)
|
| 245 |
1 |
0 |
|a Malý trestný zákon so zákonom o priestupkoch
|
| 250 |
|
|
|a [1. vyd.]
|
| 260 |
|
|
|a Bratislava
|b Epos
|c 2004
|
| 300 |
|
|
|a 271 s.
|c 15 x 11 cm
|
| 500 |
|
|
|a Obalový názov
|
| 650 |
0 |
7 |
|a trestné právo
|2 SNK
|9 984
|
| 650 |
0 |
7 |
|a priestupky
|2 SNK
|9 15559
|
| 651 |
|
7 |
|a Slovensko
|2 SNK
|9 14231
|
| 655 |
|
7 |
|a zákony
|2 SNK
|9 70186
|
| 730 |
0 |
2 |
|a Zákon o priestupkoch (1990, novela 2004)
|9 304739
|
| 919 |
|
|
|a 80-8057-606-8
|
| 999 |
|
|
|c 560342
|d 562272
|
| 952 |
|
|
|t P60, <03>, [BOOK], {603}, -K-
|a SNK
|b SNK
|y PREZ
|7 0
|p 17A0450286
|o snkSE 10777
|i snkKSP 14239/2004
|0 0
|1 0
|4 0
|d 2004-11-08
|f 1
|l 0
|r 2005-01-02 00:00:00
|w 2026-02-23
|
| 952 |
|
|
|t P60, <04>, [BOOK], {604}
|a SNK
|b SNK
|y VYP
|7 0
|p 17A0450283
|o snkSE 10777 D1
|i snkKSP 14240/2004
|0 0
|1 0
|4 0
|d 2004-11-08
|l 0
|r 2005-01-02 00:00:00
|w 2026-02-23
|